000 00373nam a2200133Ia 4500
008 100328s9999 xx 000 0 und d
082 _b55224
100 _aदेशपांडे पु.ल.
245 _aअंमलदार
260 _bदेशमुख आणि कं.
630 _aअंमलदार
730 _aअंमलदार
942 _cBOOK
999 _c541923
_d541920